01013nam a22002177a 4500003000900000008004100009040007100050082002600121100002500147245002700172260003400199300003300233505030700266650003400573650002700607650004100634650003600675700004200711700002100753700002100774AR-CdUCM190327b ||||| |||| 00| 0 spa d aMUNICIPALIDAD PROVINCIAL DEL CUSCOcBIBLIOTECA MUNICIPAL DEL CUSCO a985.051 /bH46 / 1929 aHerrera, Bartolomé aEscritos y discursos / aLima :bF. y E. Rosay,c1929. atomos ;bláminas ;c21 cm. aContenido : t.1: Documentos oficiales relacionados con la fundación de la "biblioteca de la republica" y la publicación de las obras de Don Bartolome Herrera --Escritos y discursos -- t.2. Su labor en el convictorio de San Carlos -- Extracto de las memorias inéditas de uno de sus discípulos... aGamarra, Agustín, 1785-1841 aDerecho constitucional aSoberanía (Derecho constitucional) aDerecho internacional público aLeguía, Jorge Guillermo (prólogo) aHerrera, Gonzalo aHerrera, Rodrigo